L'année 2016 en sport - Statistiques

Statistiques générales
  • Ce quiz a été pris 273 fois
  • Le résultat moyen est 10 sur 15
Statistiques - réponses
Hint Réponse % Correct
Meilleur buteur de l'Euro 2016 Antoine Griezmann
94%
Nombre de médailles d'or obtenues en 3 jeux olympiques par Usain Bolt après les jeux olympiques de Rio 8
92%
Stade accueillant la demi-finale Allemagne-France de l'Euro de football Stade Vélodrome
90%
Athlète français, médaillé d'argent de décathlon aux jeux olympiques de Rio Kevin Mayer
89%
Joueur portugais, unique buteur en finale de l'Euro Éder
86%
Tennisman britannique, vainqueur de Wimbledon Andy Murray
84%
Boxeur décédant le 3 juin après des années de combat contre la maladie de Parkinson Mohamed Ali
70%
Pilote allemand, champion du monde de formule 1 après une lutte acharnée face à Lewis Hamilton Nico Rosberg
68%
Cycliste colombien remportant le tour d'Espagne Nairo Quintana
67%
Nombre de points marqués par Kobe Bryant lors de son dernier match face aux Utah Jazz 60
59%
Club remportant le top 14 Racing 92
58%
Basketteur des Oklahoma Thunders réalisant 18 triple-double en saison régulière Russell Westbrook
56%
Boxeuse française, championne du monde amateur et championne olympique des poids légers Estelle Mossely
42%
Pays d'origine de Cristina Neagu, élue une nouvelle fois meilleure handballeuse mondiale de l'année Roumanie
39%
Ville ultramarine qui a vu naître Teddy Riner, une nouvelle fois médaillé d'or des +100kg aux jeux olympiques Pointe-à-Pitre
24%
Aucun quiz correspondant
Distribution des résultats
% des personnes avec chaque résultat
Percentile par nombre de réponses
Votre historique - résultats
Vous n’avez pas pris ce quiz